| 000 | 00974cam a22002175a 4500 | ||
|---|---|---|---|
| 001 | L159383 | ||
| 008 | 170113s2015 xxk f 000 0 eng d | ||
| 020 | _a9781118555163 | ||
| 035 | _a(Sirsi) u159383 | ||
| 041 | 0 | _aeng | |
| 050 | 0 | 4 | _a692.8 |
| 100 | 1 | _aCooke, Brian | |
| 245 | 0 | 0 | _aManagement of construction projects |
| 260 |
_aChichester _bWiley Blackwell _c2015 |
||
| 300 | _aviii, 293p ; ill, 24 cm | ||
| 520 | _aBased on the author's personal observations of managing six construction projects including an hotel and office, factory, a co-operative office, school, retail unit with car park, a university building refurbishment and housing from commencement to completion with detailed case studies and illustrations. Looks at project planning, contracts, materials management, mechanical handling and risk assessment and managing building defects. | ||
| 590 | _aKA | ||
| 651 | 4 |
_aUnited Kingdom _y |
|
| 690 |
_aConstruction management _96230 |
||
| 942 | _n0 | ||
| 999 |
_c115851 _d115851 |
||